Finite Element Method With Heat Transfer And Fluid Mechanics Applications (Record no. 342256)

MARC details
000 -LEADER
fixed length control field 00506nam a2200169Ia 4500
008 - FIXED-LENGTH DATA ELEMENTS--GENERAL INFORMATION
fixed length control field 230718s9999 xx 000 0 und d
020 ## - INTERNATIONAL STANDARD BOOK NUMBER
International Standard Book Number 9781316617991
041 ## - LANGUAGE CODE
Language code of text/sound track or separate title eng
082 ## - DEWEY DECIMAL CLASSIFICATION NUMBER
Classification number 620.001535
Item number BAS
100 ## - MAIN ENTRY--PERSONAL NAME
Personal name Baskharone E.A.
245 ## - TITLE STATEMENT
Title Finite Element Method With Heat Transfer And Fluid Mechanics Applications
260 ## - PUBLICATION, DISTRIBUTION, ETC. (IMPRINT)
Date of publication, distribution, etc. 2014
Name of publisher, distributor, etc. Cambridge University Press
300 ## - PHYSICAL DESCRIPTION
Extent 373
365 ## - TRADE PRICE
Currency code Rs.
Price amount 850.00
700 ## - ADDED ENTRY--PERSONAL NAME
Personal name Baskharone E.A.
906 ## - LOCAL DATA ELEMENT F, LDF (RLIN)
d O:0513127-Jun-2016B:173821-Jun-2016
c MECH
b 187
Holdings
Withdrawn status Lost status Damaged status Not for loan Home library Current library Date acquired Vendor Budget Code Cost, normal purchase price Bill number Total Checkouts Full call number Barcode Date last seen Discount Cost, replacement price Bill Date Koha item type Original Barcode
        Cummins College of Engineering for Women Pune Cummins College of Engineering for Women Pune 27/06/2016 Technical Book Services MECH 663.00 1738   620.001535 CCEP-BK-53463 18/07/2023 187 850.00 21/06/2016 Books 053463